Statistics for ♫ The Suite Life of Zack & Cody Theme Lyrics (Here I am) ♫

Click here to take the quiz!

General Stats

  • This quiz has been taken 888 times
    (625 since last reset)
  • The average score is 12 of 15

Answer Stats

Lyrical Line% Correct
You {and} me
97%
So {come} on down.
96%
Here I am in your {life},
94%
Here you are in {mine}.
93%
We got the {world} to see,
93%
Yes, we have a {suite} {life}
92%
{Most} of the time.
90%
Know {what} to do,
89%
It's {you} {and} me,
88%
This is {the} {suite} life.
80%
We got the {whole} {place} to ourselves.
77%
We've {got} {a} suite life!
72%
{and} {me} and you,
66%
{Just} me and you
57%
You and me we got it all {for} {free},
54%

Score Distribution

Percentile by Number Answered

Percent of People with Each Score

Your Score History

You have not taken this quiz since the last reset